000 00688nam a22002177a 4500
005 20250508142539.0
008 250508b ||||| |||| 00| 0 eng d
040 _cSSBUL
041 _aEnglish
082 _223
_a959.1151 Ab
_b25467 S-RH
100 1 _aAbbott, Gerry.
_922645
245 1 0 _aBack to Mandalay:
_bAn Inside View of Burma /
_cGerry Abbott.
250 _aSecond edition.
260 _aBangkok:
_bOrchid press,
_c2004.
300 _a192 pages:
_bmaps, plates;
_c22 cm.
500 _aS-RH: Mr. Ron Halsey Collection
504 _aIncludes biblography.
650 _aMyanmar
_xPolitics and goverment.
_952720
651 _aMyanmar
_vMandalay
_xHistory
_959560
942 _2ddc
_cBK1
999 _c43456
_d43456